Environmental education in India : (Record no. 7564)

000 -LEADER
fixed length control field 00984cam a2200265 i 4500
003 - CONTROL NUMBER IDENTIFIER
control field OSt
005 - DATE AND TIME OF LATEST TRANSACTION
control field 20200313115455.0
008 - FIXED-LENGTH DATA ELEMENTS--GENERAL INFORMATION
fixed length control field 180112s2017 ii ab b 000 0 eng d
020 ## - INTERNATIONAL STANDARD BOOK NUMBER
International Standard Book Number 9789385503689
Qualifying information (hardback)
040 ## - CATALOGING SOURCE
Original cataloging agency DKAGE
Language of cataloging eng
Description conventions rda
Transcribing agency DKAGE
Modifying agency OCLCO
-- OCLCF
-- DLC
082 04 - DEWEY DECIMAL CLASSIFICATION NUMBER
Classification number 333.7071054
Edition number 23
Item number JAY
245 00 - TITLE STATEMENT
Title Environmental education in India :
Remainder of title through the ages /
Statement of responsibility, etc edited by Jayanta Mete & Subhankar Ghosh.
250 ## - EDITION STATEMENT
Edition statement First edition.
300 ## - PHYSICAL DESCRIPTION
Extent xxv, 519 pages :
Other physical details illustrations (black and white), maps (black and white) ;
Dimensions 25 cm
504 ## - BIBLIOGRAPHY, ETC. NOTE
Bibliography, etc Includes bibliographical references.
650 #0 - SUBJECT ADDED ENTRY--TOPICAL TERM
Topical term or geographic name as entry element Environmental education
Geographic subdivision India
General subdivision History.
650 #0 - SUBJECT ADDED ENTRY--TOPICAL TERM
Topical term or geographic name as entry element Environmental protection
Geographic subdivision India
General subdivision History.
650 #7 - SUBJECT ADDED ENTRY--TOPICAL TERM
Topical term or geographic name as entry element Environmental education.
Source of heading or term fast
650 #7 - SUBJECT ADDED ENTRY--TOPICAL TERM
Topical term or geographic name as entry element Environmental protection.
Source of heading or term fast
651 #7 - SUBJECT ADDED ENTRY--GEOGRAPHIC NAME
Geographic name India.
Source of heading or term fast
655 #7 - INDEX TERM--GENRE/FORM
Genre/form data or focus term History.
Source of term fast
700 1# - ADDED ENTRY--PERSONAL NAME
Personal name Mete, Jayanta,
Relator term editor.
700 1# - ADDED ENTRY--PERSONAL NAME
Personal name Ghosh, Subhankar
Titles and other words associated with a name (Professor of Education),
Relator term editor.
942 ## - ADDED ENTRY ELEMENTS (KOHA)
Source of classification or shelving scheme
Holdings
Withdrawn status Lost status Source of classification or shelving scheme Damaged status Koha normalized classification for sorting Not for loan Permanent location Current location Date acquired Full call number Barcode Date last seen Price effective from Koha item type
        333_707105400000000_JAY   BMS College of Architecture, Design and Planning BMS College of Architecture, Design and Planning 2020-03-13 333.7071054 JAY AR-RD27 2020-03-13 2020-03-13 R&D Books
Copyright © 2025, The Librarian, Library and Information Centre, BMSCA D&P, Bengaluru. All Rights Reserved
web counter

Powered by Koha